[Event "Korosztályos Bajnokság u12f"]
[Site "Balatonlelle"]
[Date "2015.06.18"]
[Round "1.1"]
[White "Csajbok, Levente Tamas"]
[Black "Krstulovic, Alex"]
[Result "0-1"]
[WhiteElo "1586"]
[BlackElo "2210"]
[PlyCount "58"]
[EventDate "2015.06.18"]
[EventType "swiss"]
[EventRounds "9"]
[EventCountry "HUN"]
[WhiteClock "0:30:08"]
[BlackClock "1:12:13"]

1. e4 c5 2. Nf3 d6 3. Bb5+ Bd7 4. Bxd7+ Qxd7 5. O-O Nf6 6. Qe2 Nc6 7. c3 e6 8.
d4 cxd4 9. cxd4 d5 10. e5 Ne4 11. Be3 Be7 12. Ne1 f6 13. f3 Ng5 14. Bxg5 fxg5
15. Qe3 Rc8 16. Nd2 Nxd4 17. Kh1 Nf5 18. Qe2 Bc5 19. Nb3 Bb6 20. Nd3 h5 21.
Rac1 h4 22. Rxc8+ Qxc8 23. Nf2 Bxf2 24. Qb5+ Qd7 25. Qxd7+ Kxd7 26. Rxf2 Rc8
27. Re2 Nd4 28. Re1 Nxb3 29. axb3 Rc2 0-1

[Event "Korosztályos Bajnokság u12f"]
[Site "Balatonlelle"]
[Date "2015.06.18"]
[Round "1.3"]
[White "Lakatos, Tamas"]
[Black "Persanyi, Barnabas"]
[Result "0-1"]
[WhiteElo "1559"]
[BlackElo "2032"]
[PlyCount "62"]
[EventDate "2015.06.18"]
[EventType "swiss"]
[EventRounds "9"]
[EventCountry "HUN"]
[WhiteClock "0:28:51"]
[BlackClock "1:05:53"]

1. e4 c5 2. Nf3 g6 3. c3 Bg7 4. d4 cxd4 5. cxd4 d5 6. exd5 Nf6 7. Be2 O-O 8.
Nc3 Nxd5 9. O-O Be6 10. Re1 Nc6 11. Be3 Rc8 12. Qd2 Nxc3 13. bxc3 Na5 14. Rec1
Bc4 15. Rab1 Qd5 16. Bxc4 Nxc4 17. Qe2 a6 18. Rb3 b5 19. Nd2 e6 20. Nxc4 Qxc4
21. Qxc4 Rxc4 22. Ra3 Rc6 23. g3 Rfc8 24. Rb3 Rc4 25. a3 Bxd4 26. Bxd4 Rxd4 27.
Kg2 Rd2 28. Kf3 Ra2 29. Rd1 Rc4 30. Rd4 Rc2 31. Rd3 e5 0-1

[Event "Korosztályos Bajnokság u12f"]
[Site "Balatonlelle"]
[Date "2015.06.18"]
[Round "1.4"]
[White "Kovacsy, Barnabas"]
[Black "Sagi, Kornel"]
[Result "1-0"]
[WhiteElo "1898"]
[BlackElo "1545"]
[PlyCount "103"]
[EventDate "2015.06.18"]
[EventType "swiss"]
[EventRounds "9"]
[EventCountry "HUN"]

1. e4 e5 2. Nf3 Nc6 3. Bb5 a6 4. Bxc6 dxc6 5. Nc3 f6 6. d4 exd4 7. Nxd4 c5 8.
Nf3 Qxd1+ 9. Nxd1 Bd6 10. Be3 Ne7 11. Nc3 Be6 12. O-O-O O-O-O 13. Kb1 Rhe8 14.
Rhe1 b6 15. h3 Bf7 16. Ng1 Nc6 17. Nge2 Be5 18. Bf4 Rxd1+ 19. Rxd1 Bxf4 20.
Nxf4 Nd4 21. f3 c6 22. Nce2 g5 23. Nxd4 cxd4 24. Ne2 c5 25. c3 dxc3 26. Nxc3
Rd8 27. Rxd8+ Kxd8 28. a3 b5 29. Kc2 Kd7 30. Kd2 Kd6 31. Ke3 Ke5 32. g3 Be6 33.
f4+ Kd6 34. f5 Bf7 35. Nd1 h5 36. h4 g4 37. Nf2 Bc4 38. Kf4 Be2 39. Ke3 Bc4 40.
Nd1 Ke5 41. Nc3 Bf7 42. Ne2 a5 43. Nf4 c4 44. Ng6+ Kd6 45. Kd4 a4 46. Nf4 Kc6
47. Ne2 Kd6 48. Nc3 Kc6 49. e5 Bg8 50. exf6 Bf7 51. Ne4 Kc7 52. Ng5 1-0

[Event "Korosztályos Bajnokság u12f"]
[Site "Balatonlelle"]
[Date "2015.06.18"]
[Round "1.5"]
[White "Virag, Balint"]
[Black "Leszko, Bence"]
[Result "0-1"]
[WhiteElo "1518"]
[BlackElo "1888"]
[PlyCount "34"]
[EventDate "2015.06.18"]
[EventType "swiss"]
[EventRounds "9"]
[EventCountry "HUN"]

1. e4 e6 2. d3 b6 3. Nf3 Bb7 4. g3 d5 5. Nbd2 Nf6 6. e5 Nfd7 7. d4 c5 8. c3 Be7
9. Bg2 Nc6 10. O-O cxd4 11. cxd4 Ba6 12. Re1 Nb4 13. Qa4 Bd3 14. Qb3 Bc2 15.
Qe3 Bg6 16. Rd1 Nc2 17. Qe2 Nxa1 0-1

[Event "Korosztályos Bajnokság u12f"]
[Site "Balatonlelle"]
[Date "2015.06.18"]
[Round "1.6"]
[White "Hegedus, Dominik"]
[Black "Follardt, Lorinc"]
[Result "0-1"]
[WhiteElo "1847"]
[BlackElo "1498"]
[PlyCount "118"]
[EventDate "2015.06.18"]
[EventType "swiss"]
[EventRounds "9"]
[EventCountry "HUN"]

1. e4 d6 2. d4 g6 3. Nc3 Bg7 4. Bc4 Nf6 5. Nge2 O-O 6. O-O e5 7. dxe5 dxe5 8.
Bg5 Qe8 9. Qd2 Be6 10. Bxe6 Qxe6 11. Bh6 Nbd7 12. Bxg7 Kxg7 13. f4 exf4 14.
Nxf4 Qc6 15. Nfd5 Rfe8 16. Nxf6 Nxf6 17. Qf4 Re7 18. Nd5 Nxd5 19. exd5 Qd6 20.
c4 Rae8 21. Qd4+ Qe5 22. Qxa7 Qxb2 23. Rab1 Qc2 24. Qd4+ Kg8 25. Rxb7 Qxa2 26.
d6 cxd6 27. Rxe7 Rxe7 28. Qxd6 Qa7+ 29. c5 Qc7 30. Qd5 Qe5 31. Qa8+ Kg7 32. c6
Rc7 33. Rd1 Qc5+ 34. Kh1 Qxc6 35. Qd8 Rc8 36. Qd4+ Qf6 37. Qg4 Re8 38. h3 Qf2
39. Qb4 Qe3 40. Rf1 h5 41. Qb7 Qe6 42. Qb2+ Qe5 43. Qa2 Re7 44. Qa8 f6 45. Qa6
Rf7 46. Rd1 g5 47. Qd3 g4 48. Rf1 f5 49. Qd8 Kg6 50. Rb1 Qe7 51. Qg8+ Rg7 52.
Qd5 Qe4 53. Qd6+ Kh7 54. Qd1 f4 55. Rb5 Qg6 56. Re5 f3 57. h4 Rb7 58. Qd5 Rb1+
59. Kh2 g3+ 0-1

[Event "Korosztályos Bajnokság u12f"]
[Site "Balatonlelle"]
[Date "2015.06.18"]
[Round "1.7"]
[White "Blahota, Marcell"]
[Black "Toth, Abel Levente"]
[Result "1/2-1/2"]
[WhiteElo "1472"]
[BlackElo "1782"]
[PlyCount "89"]
[EventDate "2015.06.18"]
[EventType "swiss"]
[EventRounds "9"]
[EventCountry "HUN"]

1. e4 e6 2. d4 d5 3. Nc3 a6 4. a3 Nf6 5. Bg5 Be7 6. exd5 exd5 7. Nf3 Nc6 8. Bd3
Bg4 9. Be2 h6 10. Bh4 Qd6 11. Bg3 Qd7 12. Ne5 Bxe2 13. Nxe2 Nxe5 14. Bxe5 O-O
15. O-O Rfe8 16. c3 Rac8 17. Ng3 Qg4 18. Qd2 Ne4 19. Nxe4 Qxe4 20. Rae1 Qg6 21.
f4 Qf5 22. g3 f6 23. Qg2 c6 24. g4 Qd7 25. g5 hxg5 26. fxg5 fxe5 27. Rxe5 Bd6
28. Ref5 Rf8 29. Qg4 Rxf5 30. Rxf5 Qe7 31. Re5 Bxe5 32. Qxc8+ Kf7 33. Qf5+ Bf6
34. gxf6 Qe1+ 35. Qf1 Qe3+ 36. Qf2 Qg5+ 37. Kf1 gxf6 38. Qe2 Qh4 39. Qf2 Qh3+
40. Qg2 Qf5+ 41. Qf2 Qg5 42. Qe2 Qc1+ 43. Kf2 Qf4+ 44. Ke1 Kg6 45. Qe8+ 1/2-1/2

[Event "Korosztályos Bajnokság u12f"]
[Site "Balatonlelle"]
[Date "2015.06.18"]
[Round "1.8"]
[White "Kelemen, Szabolcs"]
[Black "Kiraly, Barnabas"]
[Result "1-0"]
[WhiteElo "1781"]
[BlackElo "1442"]
[PlyCount "75"]
[EventDate "2015.06.18"]
[EventType "swiss"]
[EventRounds "9"]
[EventCountry "HUN"]

1. e4 e5 2. Nf3 Nc6 3. d4 exd4 4. Bc4 Bc5 5. c3 Na5 6. Nbd2 dxc3 7. bxc3 Nxc4
8. Nxc4 Ne7 9. Ng5 d6 10. Qh5 Ng6 11. O-O Qf6 12. Nxh7 Qxc3 13. Bb2 Qxc4 14.
Bxg7 Rxh7 15. Qxh7 b6 16. h4 Nxh4 17. Qxh4 Bb7 18. Qh7 O-O-O 19. e5 Qd5 20.
Qh3+ Kb8 21. exd6 Bxd6 22. Bf6 Rg8 23. f3 Qe6 24. Qxe6 fxe6 25. Bd4 Bg3 26. Bf2
Bd6 27. Bh4 Kc8 28. Rae1 Kd7 29. Rd1 e5 30. Rd2 Ke6 31. g3 Bc5+ 32. Kh2 Bd4 33.
f4 c5 34. fxe5 Be4 35. Rf4 Bf5 36. Rd1 Bxe5 37. Re1 Bg6 38. Bf6 1-0

[Event "Korosztályos Bajnokság u12f"]
[Site "Balatonlelle"]
[Date "2015.06.18"]
[Round "1.9"]
[White "Kratzmajer, Akos Gyorgy"]
[Black "Bakos, Balazs"]
[Result "1/2-1/2"]
[WhiteElo "1434"]
[BlackElo "1769"]
[PlyCount "59"]
[EventDate "2015.06.18"]
[EventType "swiss"]
[EventRounds "9"]
[EventCountry "HUN"]

1. e4 c5 2. c3 d5 3. exd5 Qxd5 4. d4 Nc6 5. Nf3 Bg4 6. Be2 e6 7. O-O Nf6 8. Re1
Be7 9. Be3 cxd4 10. Nxd4 Bxe2 11. Qxe2 O-O 12. Nd2 Rfd8 13. N2f3 Rac8 14. Red1
Qe4 15. Ng5 Qe5 16. Ngf3 Qh5 17. Qb5 Qxb5 18. Nxb5 a6 19. Nbd4 Nd5 20. Nxc6
Rxc6 21. Ne5 Rcc8 22. Nf3 Nxe3 23. fxe3 f6 24. Kf2 Kf7 25. Ke2 e5 26. Rxd8 Bxd8
27. Rd1 Ke6 28. Nd2 Be7 29. Nb3 b6 30. Kf3 1/2-1/2

[Event "Korosztályos Bajnokság u12f"]
[Site "Balatonlelle"]
[Date "2015.06.18"]
[Round "1.10"]
[White "Ongut, Tamas Gunes"]
[Black "Fabian, Bence"]
[Result "0-1"]
[WhiteElo "1703"]
[BlackElo "1427"]
[PlyCount "106"]
[EventDate "2015.06.18"]
[EventType "swiss"]
[EventRounds "9"]
[EventCountry "HUN"]

1. e4 c6 2. d4 d5 3. e5 Bf5 4. Nf3 e6 5. Be2 Nd7 6. c3 Nb6 7. Bf4 Ne7 8. Nbd2
Bg4 9. h3 Bxf3 10. Nxf3 Ng6 11. Bg3 Be7 12. h4 Nf8 13. h5 h6 14. Nd2 Nfd7 15.
b4 Bg5 16. f4 Be7 17. Bd3 Qc7 18. a4 a5 19. Qb3 axb4 20. cxb4 O-O 21. O-O f6
22. Nf3 fxe5 23. fxe5 Qd8 24. a5 Nc8 25. Bb1 Bg5 26. Qd3 Rf5 27. Nxg5 Rxf1+ 28.
Qxf1 Qxg5 29. Bg6 Ne7 30. Bf7+ Kh8 31. Bxe6 Nf8 32. Bf4 Qxh5 33. Bh3 Nfg6 34.
Bd2 Rf8 35. Qd3 Nf4 36. Bxf4 Rxf4 37. Rf1 Rxf1+ 38. Qxf1 Qe8 39. Qf4 Ng6 40.
Qf5 Ne7 41. Qe6 Qd8 42. Qd6 Qf8 43. e6 Qf6 44. Qb8+ Kh7 45. Qxb7 Qxd4+ 46. Kh2
Qe5+ 47. g3 Qe2+ 48. Bg2 Qh5+ 49. Kg1 Qd1+ 50. Bf1 Qd4+ 51. Kh2 Qf2+ 52. Bg2
Nf5 53. Qc7 Ne3 0-1

[Event "Korosztályos Bajnokság u12f"]
[Site "Balatonlelle"]
[Date "2015.06.18"]
[Round "1.11"]
[White "Fodor, Kornel"]
[Black "Forgacs, Andras"]
[Result "1/2-1/2"]
[WhiteElo "1423"]
[BlackElo "1699"]
[PlyCount "85"]
[EventDate "2015.06.18"]
[EventType "swiss"]
[EventRounds "9"]
[EventCountry "HUN"]

1. e4 c6 2. d4 d5 3. Nc3 dxe4 4. Nxe4 Bf5 5. Ng3 Bg6 6. Nh3 e6 7. Nf4 Bd6 8.
Bc4 Qa5+ 9. c3 Qc7 10. Qf3 Ne7 11. O-O O-O 12. Nxg6 Nxg6 13. Re1 Nd7 14. Kh1
Nb6 15. Bb3 Nd5 16. Bxd5 cxd5 17. Bd2 b5 18. a4 Rfb8 19. axb5 Rxb5 20. b4 Bf4
21. Bxf4 Qxf4 22. Qxf4 Nxf4 23. Re3 Rb7 24. Ne2 Nxe2 25. Rxe2 Rc8 26. Re3 Rbc7
27. Ra3 Kf8 28. Kg1 Ke7 29. Kf1 Kd6 30. Ke2 Kc6 31. Kd2 Kb6 32. Re1 a6 33. Rea1
Ra7 34. Ra5 Rc4 35. b5 Rc8 36. Rxa6+ Rxa6 37. Rxa6+ Kxb5 38. Ra7 Rf8 39. Kd3
Kb6 40. Re7 Kc6 41. f4 Kd6 42. Ra7 h6 43. h4 {Ke5} 1/2-1/2

[Event "Korosztályos Bajnokság u12f"]
[Site "Balatonlelle"]
[Date "2015.06.18"]
[Round "1.12"]
[White "Erseki, Aron"]
[Black "Bako, Martin"]
[Result "1-0"]
[WhiteElo "1686"]
[BlackElo "1421"]
[PlyCount "85"]
[EventDate "2015.06.18"]
[EventType "swiss"]
[EventRounds "9"]
[EventCountry "HUN"]

1. e4 d6 2. d4 Nf6 3. Nc3 g6 4. Be3 Bg7 5. f3 a6 6. Qd2 Nc6 7. Bc4 e5 8. d5 Ne7
9. Nge2 b5 10. Bb3 Bd7 11. a3 c5 12. dxc6 Bxc6 13. O-O-O Nc8 14. Bh6 O-O 15.
Bxg7 Kxg7 16. g4 a5 17. h4 b4 18. Nb1 Qb6 19. a4 Nxg4 20. fxg4 Bxe4 21. Rh2 Bf3
22. h5 Be4 23. Ng3 d5 24. Nxe4 dxe4 25. hxg6 Qxg6 26. Rdh1 Rh8 27. Rf1 Nd6 28.
g5 Nf5 29. Rh6 Nxh6 30. gxh6+ Kg8 31. Bxf7+ Qxf7 32. Rxf7 Kxf7 33. Qd5+ Kg6 34.
Qxe4+ Kxh6 35. Qxe5 Rhe8 36. Qf6+ Kh5 37. Qf5+ Kh6 38. b3 Rf8 39. Qe6+ Kg5 40.
Nd2 Rfe8 41. Qf7 h5 42. Ne4+ Kg4 43. Nf6+ 1-0

[Event "Korosztályos Bajnokság u12f"]
[Site "Balatonlelle"]
[Date "2015.06.18"]
[Round "1.13"]
[White "Baski, Barnabas"]
[Black "Fazekas, Milan"]
[Result "0-1"]
[WhiteElo "1419"]
[BlackElo "1682"]
[PlyCount "100"]
[EventDate "2015.06.18"]
[EventType "swiss"]
[EventRounds "9"]
[EventCountry "HUN"]

1. e4 c5 2. d4 cxd4 3. Nf3 d6 4. c3 dxc3 5. Nxc3 Nc6 6. Bc4 e6 7. Be3 Be7 8.
O-O Nf6 9. Bf4 O-O 10. Nb5 e5 11. Bg5 Nxe4 12. Bxe7 Qxe7 13. Qd5 Bf5 14. Rfe1
a6 15. Nc3 Nxc3 16. bxc3 Be6 17. Qd3 Bxc4 18. Qxc4 Qe6 19. Qd3 h6 20. Rad1 Rfd8
21. Rd2 Rd7 22. Qe3 Rc8 23. Qb6 f6 24. Re3 Ne7 25. Red3 Rc6 26. Qe3 d5 27. Ne1
e4 28. Re2 exd3 29. Qxd3 Qf5 30. Qd2 Re6 31. Rxe6 Qxe6 32. Nf3 Nc6 33. h3 Re7
34. a3 Qd6 35. a4 Ne5 36. Nd4 Nc4 37. Qc1 Qe5 38. Nf3 Qd6 39. Nd4 Qa3 40. Qc2
Re1+ 41. Kh2 Qc1 42. Qg6 Qf4+ 43. Qg3 Qxg3+ 44. Kxg3 Ra1 45. Nf5 Kf7 46. Kf4
Rxa4 47. Nd4 Nd6 48. g4 Nb5 49. Ke3 Nxd4 50. cxd4 b5 0-1

[Event "Korosztályos Bajnokság u12f"]
[Site "Balatonlelle"]
[Date "2015.06.18"]
[Round "1.14"]
[White "Losonczi, Marcell"]
[Black "Forgacs, Attila Jr"]
[Result "1-0"]
[WhiteElo "1672"]
[BlackElo "1372"]
[PlyCount "33"]
[EventDate "2015.06.18"]
[EventType "swiss"]
[EventRounds "9"]
[EventCountry "HUN"]

1. e4 e5 2. Bc4 Nc6 3. Nc3 Nf6 4. d3 Be7 5. f4 d6 6. Nf3 O-O 7. f5 Na5 8. Qe2
c5 9. h3 Nd7 10. Be3 Nxc4 11. dxc4 Bh4+ 12. Nxh4 Qxh4+ 13. Bf2 Qg5 14. g4 Qe7
15. O-O-O a5 16. h4 Ra6 17. g5 1-0

[Event "Korosztályos Bajnokság u12f"]
[Site "Balatonlelle"]
[Date "2015.06.18"]
[Round "1.15"]
[White "Revesz, Hunor"]
[Black "Dibusz, Domonkos"]
[Result "0-1"]
[WhiteElo "1341"]
[BlackElo "1656"]
[PlyCount "50"]
[EventDate "2015.06.18"]
[EventType "swiss"]
[EventRounds "9"]
[EventCountry "HUN"]

1. e4 e5 2. Nf3 Nc6 3. Bc4 Bc5 4. c3 Nf6 5. d4 exd4 6. e5 d5 7. Bb5 Ne4 8. cxd4
Bb6 9. Nc3 Nxc3 10. bxc3 h6 11. O-O O-O 12. Qd3 f6 13. Re1 fxe5 14. Nxe5 Qf6
15. Qg3 Nxe5 16. dxe5 Bxf2+ 17. Kh1 Bxg3 18. exf6 Bxe1 19. fxg7 Kxg7 20. Bb2
Bh4 21. c4+ Bf6 22. Bxf6+ Rxf6 23. cxd5 c6 24. dxc6 bxc6 25. Bc4 Be6 0-1

[Event "Korosztályos Bajnokság u12f"]
[Site "Balatonlelle"]
[Date "2015.06.18"]
[Round "1.16"]
[White "Szilagyi, Norbert"]
[Black "Uzonyi, Peter"]
[Result "1-0"]
[WhiteElo "1634"]
[BlackElo "1300"]
[PlyCount "39"]
[EventDate "2015.06.18"]
[EventType "swiss"]
[EventRounds "9"]
[EventCountry "HUN"]

1. e4 e5 2. Nf3 Nc6 3. Bc4 Nf6 4. d4 exd4 5. O-O Bc5 6. e5 Ng4 7. Bf4 O-O 8. h3
d5 9. exd6 Nf6 10. dxc7 Qd7 11. c3 Re8 12. Ng5 Rf8 13. Re1 Bd6 14. Bxd6 Qxd6
15. Nf3 Be6 16. Bxe6 fxe6 17. cxd4 Rf7 18. Nc3 a6 19. Ng5 Re7 20. d5 1-0

[Event "Korosztályos Bajnokság u12f"]
[Site "Balatonlelle"]
[Date "2015.06.18"]
[Round "1.18"]
[White "Palczert, Botond"]
[Black "Varga, Boldizsar"]
[Result "1-0"]
[WhiteElo "1614"]
[BlackElo "1267"]
[PlyCount "87"]
[EventDate "2015.06.18"]
[EventType "swiss"]
[EventRounds "9"]
[EventCountry "HUN"]

1. e4 c5 2. Nf3 Nc6 3. d4 cxd4 4. Nxd4 Nf6 5. Nc3 d6 6. Bg5 e6 7. Qd2 a6 8.
O-O-O Be7 9. f3 Qc7 10. Kb1 Ne5 11. Be2 h6 12. Be3 Nc4 13. Bxc4 Qxc4 14. g4 b5
15. Qd3 Qxd3 16. Rxd3 Bb7 17. Bf2 d5 18. e5 Nd7 19. f4 Nc5 20. Rdd1 b4 21. Nce2
Ne4 22. Rhf1 Rc8 23. Ng3 Nxg3 24. Bxg3 Bc5 25. h4 Kd7 26. h5 Rhg8 27. g5 Rcf8
28. Bf2 Be7 29. Be3 Rh8 30. Rh1 Rhg8 31. Rdg1 Bc8 32. Rg3 hxg5 33. fxg5 Rh8 34.
g6 f6 35. exf6 Rxf6 36. a4 Rhf8 37. Rgg1 Kc7 38. Bg5 Bc5 39. Bxf6 Rxf6 40. Rd1
e5 41. Nb3 Bd6 42. Rdg1 Bf8 43. h6 gxh6 44. g7 1-0

[Event "Korosztályos Bajnokság u12f"]
[Site "Balatonlelle"]
[Date "2015.06.18"]
[Round "1.19"]
[White "Csepeli, Martin"]
[Black "Ronai, Akos Balazs"]
[Result "0-1"]
[WhiteElo "1227"]
[BlackElo "1607"]
[PlyCount "60"]
[EventDate "2015.06.18"]
[EventType "swiss"]
[EventRounds "9"]
[EventCountry "HUN"]

1. e4 c5 2. Nf3 Nc6 3. d4 cxd4 4. Nxd4 Qb6 5. c3 d6 6. Nb5 a6 7. Be3 Qd8 8. Nd4
Nf6 9. Nd2 Ng4 10. Nc4 Nxe3 11. Nxe3 g6 12. Bc4 Bg7 13. Nxc6 bxc6 14. Qa4 Bd7
15. Qb3 O-O 16. O-O e6 17. Rad1 d5 18. exd5 cxd5 19. Be2 Qc7 20. Rd2 Rfc8 21.
Rfd1 Bb5 22. Bxb5 axb5 23. Qxb5 Rcb8 24. Qe2 Rxa2 25. Nxd5 exd5 26. Rxd5 Raxb2
27. Qf3 Rb1 28. Rxb1 Rxb1+ 29. Rd1 Rxd1+ 30. Qxd1 Qxc3 0-1

[Event "Korosztályos Bajnokság u12f"]
[Site "Balatonlelle"]
[Date "2015.06.19"]
[Round "2.1"]
[White "Krstulovic, Alex"]
[Black "Szilagyi, Norbert"]
[Result "1-0"]
[WhiteElo "2210"]
[BlackElo "1634"]
[PlyCount "93"]
[EventDate "2015.06.18"]
[EventType "swiss"]
[EventRounds "9"]
[EventCountry "HUN"]
[WhiteClock "1:05:53"]
[BlackClock "0:44:01"]

1. d4 Nf6 2. c4 c5 3. d5 g6 4. Nc3 d6 5. e4 Bg7 6. Be2 O-O 7. Bg5 Nbd7 8. Qd2
Qb6 9. Nf3 h6 10. Bf4 g5 11. Bg3 Nh5 12. Bd3 Nxg3 13. hxg3 g4 14. Nh4 Ne5 15.
b3 Qb4 16. Rc1 Bd7 17. Be2 a5 18. Nf5 Bxf5 19. exf5 Qb6 20. f4 gxf3 21. gxf3 f6
22. f4 Nf7 23. Kf2 Qc7 24. g4 b6 25. Bd3 Rfb8 26. Qe2 Kf8 27. Rce1 Rb7 28. a4
Qd7 29. Ne4 Rc8 30. Qf3 Rbb8 31. Rh5 Rc7 32. Kg2 Rcb7 33. Kh1 Rc7 34. Bf1 Rcb7
35. Bh3 Qd8 36. Re2 Ra7 37. Qg2 Rbb7 38. g5 fxg5 39. fxg5 hxg5 40. Nxg5 Nxg5
41. Rxg5 e6 42. f6 exd5 43. fxg7+ Rxg7 44. Rf2+ Kg8 45. Be6+ Kh8 46. Rff5 dxc4
47. Qb2 1-0

[Event "Korosztályos Bajnokság u12f"]
[Site "Balatonlelle"]
[Date "2015.06.19"]
[Round "2.2"]
[White "Persanyi, Barnabas"]
[Black "Geher, Koppany"]
[Result "1-0"]
[WhiteElo "2032"]
[BlackElo "1615"]
[PlyCount "47"]
[EventDate "2015.06.18"]
[EventType "swiss"]
[EventRounds "9"]
[EventCountry "HUN"]
[WhiteClock "1:04:07"]
[BlackClock "0:51:35"]

1. d4 Nf6 2. Nf3 g6 3. Bf4 d5 4. e3 Bg7 5. Nbd2 b6 6. c3 Bb7 7. Be2 O-O 8. h3
c5 9. O-O Nc6 10. a4 Nd7 11. Qb3 e5 12. dxe5 Ncxe5 13. a5 Re8 14. Rfd1 Nxf3+
15. Bxf3 Ne5 16. Bxe5 Bxe5 17. c4 Qf6 18. cxd5 Bxb2 19. Ra2 Bc3 20. Ne4 Rxe4
21. Bxe4 Bb4 22. a6 Bc8 23. Qa4 Qd6 24. Qc6 1-0

[Event "Korosztályos Bajnokság u12f"]
[Site "Balatonlelle"]
[Date "2015.06.19"]
[Round "2.3"]
[White "Ronai, Akos Balazs"]
[Black "Kovacsy, Barnabas"]
[Result "1/2-1/2"]
[WhiteElo "1607"]
[BlackElo "1898"]
[PlyCount "93"]
[EventDate "2015.06.18"]
[EventType "swiss"]
[EventRounds "9"]
[EventCountry "HUN"]
[WhiteClock "1:14:43"]
[BlackClock "0:26:23"]

1. e4 c5 2. c4 e6 3. Nc3 Nc6 4. Nf3 Nf6 5. Be2 Qb6 6. O-O Be7 7. Rb1 Nd4 8. d3
Nxe2+ 9. Qxe2 d6 10. h3 Nd7 11. Be3 Bf6 12. Qc2 Ne5 13. Nxe5 Bxe5 14. f4 Bd4
15. Qf2 Bxe3 16. Qxe3 O-O 17. e5 dxe5 18. fxe5 Qc6 19. Ne4 b6 20. Qg3 Bb7 21.
Rf3 Rad8 22. Rf4 Qc7 23. Rg4 f5 24. exf6 Qxg3 25. Rxg3 Bxe4 26. fxg7 Rf7 27.
dxe4 Rxg7 28. Rxg7+ Kxg7 29. b3 Rd2 30. a4 a5 31. Re1 Rd3 32. Rb1 Re3 33. Kf2
Rxe4 34. Re1 Rf4+ 35. Kg3 Rd4 36. Kf3 Kf6 37. Re3 Rd1 38. Ke4 Rd4+ 39. Kf3 Kf5
40. g4+ Kf6 41. h4 h6 42. Kg3 Rd6 43. Rf3+ Kg6 44. Re3 Kf6 45. Rf3+ Kg6 46. Re3
Kf6 47. Rf3+ 1/2-1/2

[Event "Korosztályos Bajnokság u12f"]
[Site "Balatonlelle"]
[Date "2015.06.19"]
[Round "2.4"]
[White "Leszko, Bence"]
[Black "Palczert, Botond"]
[Result "1-0"]
[WhiteElo "1888"]
[BlackElo "1614"]
[PlyCount "75"]
[EventDate "2015.06.18"]
[EventType "swiss"]
[EventRounds "9"]
[EventCountry "HUN"]

1. e4 c5 2. Nf3 Nc6 3. d3 g6 4. g3 Bg7 5. Bg2 e6 6. O-O Nge7 7. Nbd2 b5 8. a4
b4 9. Re1 d6 10. Nc4 O-O 11. Ne3 Rb8 12. Ng4 h5 13. Nh6+ Kh8 14. g4 Ng8 15.
Nxg8 Rxg8 16. gxh5 Bf6 17. Qd2 Rg7 18. h6 Rg8 19. Qf4 e5 20. Qg3 g5 21. Rd1 g4
22. Ne1 Bh4 23. Qe3 Qf6 24. Bh1 Nd4 25. h7 Rg6 26. Bg2 Bg5 27. Qxg5 Rxg5 28.
Bxg5 Qxg5 29. c3 Nf3+ 30. Kh1 Qh5 31. Nxf3 gxf3 32. Bf1 Qg4 33. d4 Ba6 34. Bh3
Qxh3 35. Rg1 Kxh7 36. Rg3 Qh4 37. Rag1 Qxe4 38. Rh3+ 1-0

[Event "Korosztályos Bajnokság u12f"]
[Site "Balatonlelle"]
[Date "2015.06.19"]
[Round "2.5"]
[White "Pal, Istvan"]
[Black "Kelemen, Szabolcs"]
[Result "1/2-1/2"]
[WhiteElo "1591"]
[BlackElo "1781"]
[PlyCount "81"]
[EventDate "2015.06.18"]
[EventType "swiss"]
[EventRounds "9"]
[EventCountry "HUN"]

1. e4 c5 2. Nf3 Nc6 3. c4 g6 4. d4 cxd4 5. Nxd4 Bg7 6. Be3 Nf6 7. Nc3 O-O 8.
Be2 d6 9. O-O Bd7 10. Rc1 Nxd4 11. Bxd4 Bc6 12. Qd3 Nd7 13. Bxg7 Kxg7 14. b4 b6
15. f4 a5 16. a3 axb4 17. axb4 Ra3 18. Qd4+ f6 19. Bg4 h5 20. Bxd7 Bxd7 21. Nd5
b5 22. cxb5 Bxb5 23. Rfd1 Rf7 24. Nc7 Qd7 25. Qd5 Ba4 26. Rd2 Bb3 27. Qb7 Qg4
28. Rf2 Ra2 29. Qb6 Rxf2 30. Qxf2 Qd7 31. b5 Rf8 32. Qb2 Ba4 33. Qb4 Rc8 34.
Qxa4 Rxc7 35. Rb1 Ra7 36. Qd4 Rb7 37. b6 Qc6 38. h3 Kf8 39. g3 Kg7 40. Rb2 Kf8
41. Kf2 1/2-1/2

[Event "Korosztályos Bajnokság u12f"]
[Site "Balatonlelle"]
[Date "2015.06.19"]
[Round "2.6"]
[White "Follardt, Lorinc"]
[Black "Erseki, Aron"]
[Result "1/2-1/2"]
[WhiteElo "1498"]
[BlackElo "1686"]
[PlyCount "90"]
[EventDate "2015.06.18"]
[EventType "swiss"]
[EventRounds "9"]
[EventCountry "HUN"]

1. f4 d5 2. d4 e6 3. e3 Nf6 4. c3 c5 5. Bd3 Nc6 6. Nf3 c4 7. Bc2 Be7 8. O-O h6
9. Ne5 Bd7 10. Qf3 Qc7 11. b3 cxb3 12. axb3 a6 13. Nxc6 Bxc6 14. Ba3 Bxa3 15.
Nxa3 Ke7 16. Qe2 Rag8 17. Qf3 Ne4 18. Bxe4 dxe4 19. Qf2 f5 20. g3 g5 21. c4 Rh7
22. Nb1 Rhg7 23. Nc3 h5 24. Kg2 gxf4 25. Qxf4 Qxf4 26. Rxf4 Rd8 27. Rd1 b6 28.
b4 a5 29. b5 Bb7 30. Na4 Rd6 31. Rc1 Rg8 32. Rc2 Rc8 33. Rh4 Rh8 34. c5 bxc5
35. dxc5 Rd5 36. c6 Rxb5 37. cxb7 Rxb7 38. Ra2 Rb3 39. Kf2 Rb5 40. Nc3 Rc5 41.
Ne2 e5 42. Ke1 Rh6 43. Ng1 Kf6 44. Nh3 Kg6 45. Nf2 Rh8 1/2-1/2

[Event "Korosztályos Bajnokság u12f"]
[Site "Balatonlelle"]
[Date "2015.06.19"]
[Round "2.7"]
[White "Fazekas, Milan"]
[Black "Csontos, David"]
[Result "1-0"]
[WhiteElo "1682"]
[BlackElo "1602"]
[PlyCount "93"]
[EventDate "2015.06.18"]
[EventType "swiss"]
[EventRounds "9"]
[EventCountry "HUN"]

1. e4 c5 2. Nf3 Nc6 3. d4 cxd4 4. Nxd4 Nf6 5. Nc3 e5 6. Ndb5 d6 7. Bg5 a6 8.
Na3 b5 9. Nd5 Be7 10. Bxf6 Bxf6 11. c3 Ne7 12. Nxf6+ gxf6 13. Qf3 f5 14. Rd1
Bb7 15. Bxb5+ axb5 16. Nxb5 Bxe4 17. Qe2 Qb8 18. Nxd6+ Kf8 19. Qh5 Ng6 20. Nxf5
Bxf5 21. Qxf5 Qxb2 22. O-O Rg8 23. Rd7 Qxa2 24. Rfd1 Qb3 25. Qf6 Qe6 26. Rd8+
Rxd8 27. Rxd8+ Qe8 28. Rxe8+ Kxe8 29. h4 h5 30. Qf5 Rh8 31. g3 Ke7 32. c4 Rh7
33. c5 Kd8 34. c6 Nf8 35. Qxe5 Ne6 36. Qd6+ Ke8 37. Qd7+ Kf8 38. f4 Nc5 39.
Qd6+ Ke8 40. Qxc5 f5 41. Qxf5 Rg7 42. Qe5+ Kf8 43. Qxg7+ Kxg7 44. c7 Kf6 45.
c8=Q Kg6 46. f5+ Kh6 47. Qh8# 1-0

[Event "Korosztályos Bajnokság u12f"]
[Site "Balatonlelle"]
[Date "2015.06.19"]
[Round "2.8"]
[White "Fabian, Bence"]
[Black "Losonczi, Marcell"]
[Result "0-1"]
[WhiteElo "1427"]
[BlackElo "1672"]
[PlyCount "94"]
[EventDate "2015.06.18"]
[EventType "swiss"]
[EventRounds "9"]
[EventCountry "HUN"]

1. e4 c5 2. Nf3 d6 3. d4 cxd4 4. Nxd4 Nf6 5. Bb5+ Bd7 6. Bxd7+ Nbxd7 7. Nc3 a6
8. Bg5 e6 9. Bxf6 Qxf6 10. O-O Be7 11. Nf3 O-O 12. Qd4 Qg6 13. Rfe1 Rfd8 14.
Qe3 Rac8 15. Rac1 b5 16. a3 Rc7 17. h3 Rdc8 18. Qe2 Bf6 19. Red1 Bxc3 20. bxc3
Rc6 21. Kf1 e5 22. Nh4 Qe6 23. Qd2 g6 24. Nf3 Nc5 25. Ng5 Qe7 26. Rb1 f6 27.
Qd5+ Kg7 28. Nf3 Na4 29. Rb3 Nxc3 30. Rxc3 Rxc3 31. Qxd6 Qxd6 32. Rxd6 R8c6 33.
Rd7+ Kg8 34. Ne1 Rxa3 35. Rd8+ Kf7 36. Rd7+ Ke6 37. Rxh7 a5 38. Rh6 a4 39. Rxg6
Ra6 40. h4 Rc3 41. h5 a3 42. h6 Rc8 43. h7 Rh8 44. Nd3 a2 45. Nc5+ Kf7 46. Nxa6
a1=Q+ 47. Ke2 Kxg6 0-1